000 00443nam a22001577a 4500
999 _c9257
_d9257
008 210331b ||||| |||| 00| 0 eng d
040 _aBMS College of Architecture
100 _aSmita
245 _aCity metro hum
300 _aNA
500 _a1BM01AT031
502 _8B.Arch
_NBMS College of Architecture, Visvesvaraya Technological University
_aProject report
_d2005
650 _aCity
700 _aSatish Rao
_eGuide
942 _2ddc
_cTHE